Statistieken voor Belgische Provinciehoofdsteden

Klik hier om de quiz te nemen!

Algemene statistieken

  • Deze quiz is 65 keer genomen
  • De gemiddelde score is 9 van 10

Antwoordstatistieken

ProvincieHoofdstad% Correct
AntwerpenAntwerpen
100%
Oost-VlaanderenGent
100%
West-VlaanderenBrugge
98%
LuikLuik
98%
LimburgHasselt
96%
NamenNamen
96%
Vlaams-BrabantLeuven
92%
HenegouwenBergen
89%
LuxemburgAarlen
83%
Waals-BrabantWaver
74%

Scoreverdeling

Percentiel versus Aantal Correcte Antwoorden

Procent van Mensen met Elke Score

Uw Scoregeschiedenis

U heeft deze quiz nog niet genomen